La ilíada (Record no. 143186)

MARC details
000 -LEADER
fixed length control field 00640nam a22002057a 4500
005 - DATE AND TIME OF LATEST TRANSACTION
control field 20251030111847.0
008 - FIXED-LENGTH DATA ELEMENTS--GENERAL INFORMATION
fixed length control field 241127b ag |||||||| |||| 00| 0 spa d
050 04 - LIBRARY OF CONGRESS CALL NUMBER
Classification number PA4030.S8
Item number A3 1939
100 0# - MAIN ENTRY--PERSONAL NAME
Personal name Homero
245 13 - TITLE STATEMENT
Title La ilíada
Statement of responsibility, etc / Homero
250 ## - EDITION STATEMENT
Edition statement 1a ed.
260 ## - PUBLICATION, DISTRIBUTION, ETC. (IMPRINT)
Place of publication, distribution, etc Buenos Aires :
Name of publisher, distributor, etc Losada,
Date of publication, distribution, etc 1939
300 ## - PHYSICAL DESCRIPTION
Extent 2 v. ;
Dimensions 18 cm.
490 0# - SERIES STATEMENT
Series statement Las Cien Obras maestras de la Literatura y del Pensamiento Universal ;
Volume number/sequential designation 11,12
600 04 - SUBJECT ADDED ENTRY--PERSONAL NAME
Personal name Aquiles (Personaje ficticio)
650 ## - SUBJECT ADDED ENTRY--TOPICAL TERM
Topical term or geographic name as entry element Literatura griega
Chronological subdivision Siglo VIII b. C.
650 ## - SUBJECT ADDED ENTRY--TOPICAL TERM
Topical term or geographic name as entry element Poesia épica griega
Chronological subdivision Siglo VIII b. C.
650 ## - SUBJECT ADDED ENTRY--TOPICAL TERM
Topical term or geographic name as entry element Guerra de Troya
942 ## - ADDED ENTRY ELEMENTS (KOHA)
Source of classification or shelving scheme Biblioteca del Cogreso de los Estados Unidos
Koha item type Libro
Holdings
Estado de pérdida Fuente de clasificación Estado del daño No para préstamo Ubicación permanente Ubicación actual Apartado o colección Fecha de adquisición Edición Enumeración de Serie / Cronológica Área del conocimiento Total Checkouts Clasificación Código de Barras Date last seen Número de copia Costo por reposición Tipo de recurso
  Biblioteca del Cogreso de los Estados Unidos     Biblioteca del Colegio de San Nicolás Biblioteca del Colegio de San Nicolás Literatura 28/10/2025 1a ed. V:1 Educación y Humanidades   PA4030.S8 A3 1939 BPCS000004332 28/10/2025 1 1.00 Libro
  Biblioteca del Cogreso de los Estados Unidos     Biblioteca del Colegio de San Nicolás Biblioteca del Colegio de San Nicolás Literatura 28/10/2025 1a ed. V:2 Educación y Humanidades   PA4030.S8 A3 1939 BPCS000004333 28/10/2025 1 1.00 Libro